Briare - Choix multiples - Statistiques

Statistiques générales
  • Ce quiz a été pris 13 fois
  • Le résultat moyen est 7 sur 10
Statistiques - réponses
Question Réponse % Correct
Quel est le nom antique de Briare ? Brivodurum
92%
Dans quel département se situe la ville de Briare ? Loiret
85%
Lequel de ces Ponts-canaux est celui de Briare ?
77%
Qui est l'ingénieur du Pont-Canal de Briare ? Gustave Eiffel
77%
Comment se nomment les habitants de Briare ? Briarois
69%
Quel image représente le martin-pécheur ? (Oiseau que l'on peut observer au bord de Loire)
62%
Comment est décoré le sol de l'église Saint-Étienne ? Avec des émaux (de la mosaïque)
62%
A quoi le château de Trousse-Barrière est utilisé actuellement ? Un centre d'art et d'exposition
54%
Quelle spécialité agricole est courante autour de Briare ? Viticulture (vins)
54%
Sous le règne de qui, le canal de Briare fut inauguré ? Henri IV
23%
Aucun quiz correspondant
Distribution des résultats
% des personnes avec chaque résultat
Percentile par nombre de réponses
Votre historique - résultats
Vous n’avez pas pris ce quiz